|
|
|
|
| LEADER |
01589ncm a2200325 a 4500 |
| 001 |
000061880 |
| 003 |
CZ BrMZK |
| 005 |
20171114143925.0 |
| 008 |
960101s1995 xr f cze d |
| 015 |
|
|
|a cnb000150831
|
| 040 |
|
|
|a BOA001
|b cze
|
| 080 |
|
|
|a 784.4(437.2)(086.7)
|2 MRF
|
| 080 |
|
|
|a 39(437.22)(091)
|2 MRF
|
| 100 |
1 |
|
|a Petrů, Jura,
|d 1922-1984
|7 ola200205388
|4 ant
|
| 245 |
1 |
0 |
|a Slovácká svatba na kyjovském Dolňácku
|h [hudebnina] /
|c sběr a dokumentace Jiří Petrů ; zpracování a sestavení František Synek.
|
| 260 |
|
|
|a Praha :
|b Folklorní sdružení České republiky,
|c 1995
|
| 300 |
|
|
|a 152 s. :
|b il. ;
|c 29 cm
|
| 500 |
|
|
|a Lidové písně a verše. - Bibliogr.
|
| 500 |
|
|
|a Dostupné též v digitální podobě v aplikaci Kramerius
|
| 653 |
0 |
|
|a Slovácko (Česko)
|a dolňácké písně
|a lidové obyčeje
|a lidové zvyky
|a moravské lidové písně
|a slovácké lidové písně
|a slovácký folklor
|a svatební písně
|
| 700 |
1 |
|
|a Synek, František,
|d 1956-
|7 ola2002110000
|4 com
|
| 856 |
4 |
1 |
|u http://www.digitalniknihovna.cz/mzk/uuid/uuid:4d4b6250-ca06-11e7-9c14-005056827e51
|y Digitalizovaný dokument
|x NDK
|
| 910 |
|
|
|a BOA001
|b Mus4-1017.830
|
| 964 |
|
|
|a Písně lidové moravské
|x zpěvníky
|x HUD
|
| 964 |
|
|
|a Folklor
|x Slovácko
|x HUD
|
| 964 |
|
|
|a Kultura lidová
|x Slovácko
|x HUD
|
| 967 |
|
|
|a Slovácko
|c cz-ms
|
| 990 |
|
|
|a MU
|
| 996 |
7 |
|
|b 2610033227
|c Mus4-1017.830
|l MZK
|r Sklad / do 1 hodiny
|n 12
|p p.v.
|w 000061880
|u 000010
|a 1
|e BOA001
|j MZK50
|s A
|
| 996 |
6 |
|
|b 2610082527
|c Mus4-1017.830
|l MZK
|r Sklad / do 1 hodiny
|n 10
|p p.v.
|w 000061880
|u 000020
|a 1
|e BOA001
|j MZK50
|s P
|